Catálogo
 En Linea

Reglamento sobre higiene y seguridad industrial (Registro nro. 60228)

Detalles MARC
000 -CABECERA
campo de control de longitud fija 01390nam a2200253 i 4500
003 - IDENTIFICADOR DEL NÚMERO DE CONTROL
campo de control DO-SdBNP
005 - FECHA Y HORA DE LA ÚLTIMA TRANSACCIÓN
campo de control 20260205074308.0
007 - CAMPO FIJO DE DESCRIPCIÓN FÍSICA--INFORMACIÓN GENERAL
campo de control de longitud fija ta
008 - DATOS DE LONGITUD FIJA--INFORMACIÓN GENERAL
campo de control de longitud fija 260205b19-- dr ||||| |||| 00| 0 spa d
040 ## - FUENTE DE LA CATALOGACIÓN
Centro catalogador/agencia de origen DO-SdBNP
Lengua de catalogación spa
Centro/agencia transcriptor BNPHU
Normas de descripción rda
041 ## - CÓDIGO DE LENGUA
Código de lengua original spa
Código de lengua del texto/banda sonora o título independiente spa
082 #4 - NÚMERO DE LA CLASIFICACIÓN DECIMAL DEWEY
Número de clasificación xxx
Número de documento/Ítem R426r
Número de edición 22
110 1# - ENTRADA PRINCIPAL--NOMBRE DE ENTIDAD CORPORATIVA
Nombre de entidad corporativa o nombre de jurisdicción como elemento de entrada República Dominicana.
Unidad subordinada Secretaría de Estado de Trabajo
9 (RLIN) 491
245 10 - MENCIÓN DE TÍTULO
Título Reglamento sobre higiene y seguridad industrial
264 #1 - PRODUCCIÓN, PUBLICACIÓN, DISTRIBUCIÓN, FABRICACIÓN Y COPYRIGHT
Producción, publicación, distribución, fabricación y copyright Santo Domingo :
Nombre del de productor, editor, distribuidor, fabricante Secretaria de Estado de Trabajo,
Fecha de producción, publicación, distribución, fabricación o copyright 19--?.
300 ## - DESCRIPCIÓN FÍSICA
Extensión 47 páginas ;
Dimensiones 22 cm.
336 ## - TIPO DE CONTENIDO
Término de tipo de contenido texto
Código de tipo de contenido txt
Fuente rdacontent
337 ## - TIPO DE MEDIO
Nombre/término del tipo de medio sin mediación
Código del tipo de medio n
Fuente rdamedia
338 ## - TIPO DE SOPORTE
Nombre/término del tipo de soporte volumen
Código del tipo de soporte nc
Fuente rdacarrier
505 ## - NOTA DE CONTENIDO CON FORMATO
Nota de contenido con formato Reglamento sobre higiene y seguridad industrial 2 -- De la higiene y industrial 6 -- Temperatura y humedad 12 -- Ruidos y vibraciones 12 -- Trabajos en minas, canteras, subterráneos, perforaciones, fosos, sótanos y silos 13 -- De la radioactividad 17 -- Carga y descarga de los buques en los puertos 17 -- Calderas 18 -- De los cilindros 21 -- De la higiene en los establecimientos de comercio y en las oficinas 23 -- Comités de higiene y seguridad industrial 25 -- De la seguridad industrial 26 -- Disposiciones generales 39 -- Selección y colocación de los trabajadores 42 -- Empleos de menores y mujeres 43 -- Primeros auxilio 43
590 ## - NOTA LOCAL (RLIN)
Nota local Inventariado,2026/BT
910 ## - DATOS DE OPCIÓN DEL USUARIO (OCLC)
Datos de opción del usuario Btavrez
942 ## - ELEMENTOS DE PUNTO DE ACCESO ADICIONAL (KOHA)
Fuente del sistema de clasificación o colocación Dewey Decimal Classification
Tipo de ítem Koha Folleto
Existencias
Estado de retiro Estado de pérdida Fuente del sistema de clasificación o colocación Restricciones de uso No para préstamo Código de colección Localización permanente Ubicación/localización actual Ubicación en estantería Fecha de adquisición Fuente de adquisición Total de préstamos Signatura topográfica completa Código de barras Fecha visto por última vez Precio válido a partir de Tipo de ítem Koha
    Dewey Decimal Classification Excluido de préstamo   Patrimonio Dominicano Folletos Biblioteca Nacional Pedro Henríquez Ureña Biblioteca Nacional Pedro Henríquez Ureña En catalogación 05.02.2026 Donado por Ilonka Nacidit Perdomo   BNPHU F-PD R426r 2026-0713 05.02.2026 05.02.2026 Folleto

Con tecnología Koha